00740 2200229 4500001002100000005001500021035002000036007000300056008004100059020002200100082001100122084001700133100001900150245018200169250001000351260004900361300003200410650002600442700002300468990000900491990001000500INLIS00000000000033320170922022319 a0010-0917000319ta170922 b 0 ind  a978-979-055-600-3 a297.77 a297.77 ARI e0 aAriany Syuifah1 aEnsiklopedika Pendidikan Agama Islam Hormat dan Patuh Jilid 3 :bMewujudkan Islam dalam Sikap dan Kesalehan Ibad,ah, Kreatif, dan Sosial /cAriany Syuifah dan Safitri Lulsiana D acet.1 aBandung :bSygma Creative Media Group,c2015 a68hlm :bilus ;c20 x 29 cm aAkidah, Akhlak, Fiqih0 aSafitri Lulsiana D a5820 a5820a